SOCIAL COST-BENEFIT ANALYSIS (Record no. 892)

000 -LEADER
fixed length control field 00372nam a22000977a 4500
008 - FIXED-LENGTH DATA ELEMENTS--GENERAL INFORMATION
fixed length control field 150825b xxu||||| |||| 00| 0 eng d
082 ## -
Classification number 330 BRU
100 ## - MAIN ENTRY--PERSONAL NAME
Personal name BRUCE COLIN.
245 ## - TITLE STATEMENT
Title SOCIAL COST-BENEFIT ANALYSIS
Remainder of title A GUIDE FOR COUNTRY AND PROJECT ECONOMICS TO THE DERIAVTION AND APPLICATION OF ECONOMIC AND SOCIAL ACCOUNTING PRICES
260 ## - PUBLICATION, DISTRIBUTION, ETC. (IMPRINT)
Place of publication, distribution, etc. WASHINGTON
Name of publisher, distributor, etc. THE WORLD BANK
Date of publication, distribution, etc. 1976

No items available.

IRDP © 2019 :: Managed by IRDP ICT Unit